Cuatro remos

Αποθηκεύτηκε σε:
Λεπτομέρειες βιβλιογραφικής εγγραφής
Κύριος συγγραφέας: Barros Grez, Daniel (Συγγραφέας)
Μορφή: Βιβλίο
Γλώσσα:Ισπανικά
Έκδοση: Buenos Aires Astral 1967
Θέματα:
Ετικέτες: Προσθήκη ετικέτας
Δεν υπάρχουν, Καταχωρήστε ετικέτα πρώτοι!

MARC

LEADER 00000nam a2200000 a 4500
001 UCH6997
003 CL-VaPUC
008 091109e19670000AG |||||||||||||||||spa|d
082 0 4 |a Ch863  |b BAR  |2 21 
100 0 |a Barros Grez, Daniel  |e author  |9 313106 
245 1 0 |a Cuatro remos 
300 |a 182 p 
942 |c BK 
945 |d 20091109 00:00:00  |a lazolas 
260 |a Buenos Aires  |b Astral  |c 1967 
650 0 |a Novelas chilenas   |9 265425 
650 0 |a Literatura chilena   |9 308278 
583 |a last modification  |c 20091109 00:00:00  |k Rodrigo Vera 
999 |c 337769  |d 337767